| 000 | 00391nam a22001457a 4500 | ||
|---|---|---|---|
| 003 | MACL | ||
| 005 | 20170809122538.0 | ||
| 008 | 170809b xxu||||| |||| 00| 0 eng d | ||
| 040 | _cMACL | ||
| 100 |
_aShankar, C P _968569 |
||
| 245 | _aMilitary in Pakistan and Afghanistan : A Brief History | ||
| 260 |
_aNew Delhi _bNeha Publishers _c2016 |
||
| 650 |
_aMilitary _968570 |
||
| 942 |
_2ddc _cBK |
||
| 999 |
_c56821 _d56821 |
||